Matemática moderna : segundo año /

Guardado en:
Autor Principal: López, Antonio Roberto
Formato: Libro
Publicado: Buenos Aires : Stella, 1971
Edición:2a. ed.
Materias:
Etiquetas: Agregar Etiqueta
Sin Etiquetas, Sea el primero en etiquetar este registro!
LEADER 00548nam a22001815a 4500
001 CEM.cems004012
005 20060216000000.0
008 130507s1971##################000#0#####d
003 CEMS
082 0 4 |a 510 
100 1 |a López, Antonio Roberto 
245 1 0 |a Matemática moderna :  |b segundo año / 
250 |a 2a. ed. 
260 |a Buenos Aires :  |b Stella,  |c 1971 
300 |a 106 p. 
653 |a Matematica moderna 
859 |a CEMS  |b BIB. CEMS - 11 de abril  |h 510  |i L881a2/II  |p 6418.78  |t Ej.1 
859 |a CEMS  |b BIB. CEMS - 11 de abril  |h 510  |i L881a2/II  |p 6515.78  |t Ej.2